| 000 | 01084nam a22003017a 4500 | ||
|---|---|---|---|
| 005 | 20100331114455.0 | ||
| 008 | 100331t xxu||||| |||| 00| 0 eng d | ||
| 010 | _aENG-95933 | ||
| 020 |
_a0198060564 _c650.00 |
||
| 020 |
_a9780198060567 _c650.00 |
||
| 035 | _aEN-79466 | ||
| 037 | _bDBAD/PUB | ||
| 040 | _aDPL | ||
| 082 | _a343.5407 | ||
| 245 |
_aEconomic analysis of law in India: _bTheory and application / _cedited by P.G.Babu ... [et.al] |
||
| 260 |
_aNew Delhi _bOxford university press _c2010 |
||
| 270 |
_aYMCA library building, Jai Singh Road _bNew Delhi _e110001 |
||
| 300 |
_axx, 282p. : _c24cm. (Hb) |
||
| 500 | _aincludes reference | ||
| 650 |
_aLaw _xEconomic aspects _zIndia |
||
| 700 | _aBabu, P.G. | ||
| 700 | _aEger, Thomas | ||
| 700 | _aRaja, A. V. | ||
| 700 | _aSchafer, Hans Bernd | ||
| 700 | _aSomashekar, T. S. | ||
| 942 |
_2ddc _cEN _mBAB _h343.5407 |
||
| 999 |
_c34936 _d34936 |
||